2026 FIFA World Cup African Countries - Statistics

General Stats
  • This quiz has been taken 31 times
  • The average score is 8 of 9
Answer Stats
Number Country % Correct
1 Egypt
100%
7 Algeria
97%
3 South Africa
97%
5 Morocco
93%
8 Tunisia
93%
9 Ghana
90%
2 Senegal
90%
4 Cape Verde
83%
6 Ivory Coast
83%
No matching quizzes found
Score Distribution
Percent of People with Each Score
Percentile by Number Answered
Your Score History
You have not taken this quiz